Statistiken für Geographie I

Klicken Sie hier um das Quiz zu spielen!

Allgemein

  • Dieses Quiz wurde 198 mal gespielt
  • Das Durchschnittsergebnis liegt bei 6 aus 11

Antwortstatistiken

HintAntwort% Korrekt
Wie viele Bundesländer hat Deutschland?16
100%
Welches Land ist das kleinste auf unserem Planeten?Vatikanstadt
90%
Wie viele davon sind in der EU?27
81%
Welches ist die größte Insel der Welt?Grönland
76%
Welcher ist der längste Fluss Europas?Wolga
72%
Wie viele Länder hat Europa?47
70%
Welches am kältesten?Kanada
57%
Welches Land liegt am höchsten über dem Meeresspiegel?Bhutan
39%
Welches ist die kleinste Republik der Welt?Nauru
16%
Wie hoch ist der Mount Everest?8848 Meter
9%
Welches Land ist am heißesten? (Durchschnittstemperatur)Burkina Faso
4%

Verteilung der Resultate

Perzentil nach korrekt beantworteten Fragen

Anzahl Personen mit jedem Resultat

Ihre Resultats-Entwicklung

Sie haben dieses Quiz noch nicht gespielt